000 00724nam a22002057a 4500
999 _c56874
_d56874
003 BD-DhIDS
005 20260615103439.0
008 260615b1955 us||||| |||| 00| 0 eng d
040 _aBD-DhIDS
_cBD-DhIDS
_dBD-DhIDS
041 _aEng
082 _a301.353 In
_bMAR
245 0 0 _aVillage India :
_bstudies in the little community /
_cMcKim Marriott;ed.
260 _aChicago :
_bThe University of Chicago Press,
_c1955
300 _axx, 269 p. :
_c20 cm.
504 _aIncludes bibliographical references and index.
650 0 4 _a Rural Settlements and Community Organization
_xRural Sociology
_zIndia
650 0 4 _aCommunities
_xDemographics, and Village life
_zIndi
700 1 _aMarriott, McKim
_4editor
942 _2ddc
_cBK